书目信息 |
| 题名: |
中国英语教学
|
|
| 作者: | 本社编 | |
| 分册: | ||
| 出版信息: | 北京 外语教学与研究出版社 1990.05 |
|
| 页数: | 486页 | |
| 开本: | 20cm | |
| 丛书名: | ||
| 单 册: | ||
| 中图分类: | H319-53 | |
| 科图分类: | ||
| 主题词: | 英语 | |
| 电子资源: | ||
| ISBN: | 7-5600-0151-3 | |
| 000 | 00485nam0 2200181 450 | |
| 001 | 0640234234 | |
| 005 | 20061102111332.01 | |
| 010 | @a7-5600-0151-3 | |
| 100 | @a20061102d1990 km y0chiy0120 ea | |
| 101 | 0 | @achi |
| 102 | @aCN@b110000 | |
| 200 | 1 | @a中国英语教学@Azhong guo ying yu jiao xue@f本社编@Fben she bian |
| 210 | @a北京@c外语教学与研究出版社@d1990.05 | |
| 215 | @a486页@d20cm | |
| 606 | 0 | @a英语 |
| 690 | @aH319-53@v3 | |
| 801 | 0 | @aCN@bPFT@c20061102 |
| 905 | @a10447@dH319-53@e53 | |
| 中国英语教学/本社编.-北京:外语教学与研究出版社,1990.05 |
| 486页;20cm |
| ISBN 7-5600-0151-3: |
| ● |
| 相关链接 |
|
|
|
|
正题名:中国英语教学
索取号:H319-53/53
 
预约/预借
| 序号 | 登录号 | 条形码 | 馆藏地/架位号 | 状态 | 备注 |
| 1 | 0184361 | 001063869 | 第二样本阅览室/ [索取号:H319-53/53] | 在馆 |